Music Quiz

Random Music or Song Quiz

She Talks to Angels Clicky-oke Quiz Stats

 Plays Quiz not verified by Sporcle

Score 0/24 Timer 05:00
0 Plays Today
% Correct
After you meet her family
92.3%
Down tight
76.9%
In certain company
69.2%
As black as night now
69.2%
The pain gonna make everything alright
69.2%
From a little boy
69.2%
Someone she has not met, not yet
69.2%
As black as night now
69.2%
She wears a cross around her neck
61.5%
Down tight
61.5%
When the pain comes
53.8%
Alright, yeah, heah
53.8%
% Correct
They call her out by her name
46.2%
But to me, yeah me, means everything
46.2%
None that I ever seen
38.5%
Call her out by her name
30.8%
Says they call her out by her name
23.1%
Says they call her out by her name
23.1%
They call her out
23.1%
Call her out
23.1%
Says they call her out by her name
15.4%
Says they all know her name
15.4%
They call her out by her name
15.4%
Call her out by her name
7.7%

You're not logged in!

Compare scores with friends on all Sporcle quizzes.
OR
Log In

Show Comments

Extras

Top Quizzes Today


Score Distribution

Your Account Isn't Verified!

In order to create a playlist on Sporcle, you need to verify the email address you used during registration. Go to your Sporcle Settings to finish the process.

Report this User

Report this user for behavior that violates our Community Guidelines.

Details: